KPOP GROUP start with letter "R" - Statistics

General Stats
  • This quiz has been taken 69 times
  • The average score is 3 of 10
Answer Stats
Answer % Correct
Red Velvet
96%
RIIZE
74%
Rocket Punch
35%
RESCENE
30%
Rainbow
28%
RaNia
20%
REDSQUARE
15%
RAINZ
9%
Refund Sisters
7%
Rocking Doll
7%
No matching quizzes found
Score Distribution
Percent of People with Each Score
Percentile by Number Answered
Your Score History
You have not taken this quiz